1778 1429 1211 1345 1303 1584 1780 1405 1294 1646 1115 1287 1483 1973 1571 1410 1663 1248 1346 1142 1373 1091 1451 1136 1247 1334 1221 1625 1111 1261 1887 1031 1511 1423 1874 1507 1292 1400 1095 1488 1318 1706 1444 1243 1929 1237 1176 1365 1548 1544 1353 1668 1651 1389 1604 1089 1700 1461 1126 1699 1208 1870 1204 1071 1022 1173 1667 1021 1910 1063 1287 1435 1948 1130 1600 1128 1765 1193 1233 1722 1880 1632 1738 1865 1063 1160 1080 1337 1492 1102 1296 1901 1229 1030 1358 1719 1648 1786 1003 BCNSPRNW ULIB Ver.6.0+V

เปลี่ยนเป็นภาษาไทย

Change to English
 แสดงรายละเอียดบรรณานุกรม
  กลับหน้าหลัก

Brief Record : Get Marc (ISO 2709) : E-mail record : QR code < ปิดหน้าต่าง
LEADER : 00000nam 2200000uu 4500
001    13399113357
003     ULIB
008    111108s2553||||th 000 0 tha d
024    9786169015376
090    นว.^bส695ร 2553
100 0  สุกัญญา แปล
245 00 รักปักใจแวมไพร์ฝึกหัด/^cสุกัญญา แปล
260    กรุงเทพฯ:^bปราชญฺ์เปรียว,^c2553.
945    ^p195^l0^i17087
995    กัณชพร
999    ^aใช้งานได้ทุกระบบ
รายการนี้ยังไม่มีแท็ก
คุณยังไม่ได้ล็อกอิน คุณสามารถมีกิจกรรมร่วมกับเว็บไซต์ได้ แต่ต้องล็อกอินก่อน ::
  ล็อกอิน

รายการสื่อสารสนเทศ

ลำดับที่ ประเภท เลขเรียก/บาร์โค้ด สถานที่ สถานะ
1. นวนิยาย
นวนิยาย
นว. ส695ร 2553  
  Barcode: 17087
ห้องสมุดวิทยาเขตสวรรค์ประชารักษ์
►นวนิยาย
บนชั้น
  ขอยืม

BibComment


ยังไม่เคยถูกคอมเมนท์

คอมเมนท์ทรัพยากรรายการนี้
  คอมเมนท์: รักปักใจแวมไพร์ฝึ..


 Copyright 2026. Bcnsprnw @Library